| 000 | 01186cam a22003375i 4500 | ||
|---|---|---|---|
| 001 | 13389192 | ||
| 003 | EG-ScBUE | ||
| 005 | 20250708085859.0 | ||
| 008 | 031030t2002 si a f b 001 0aeng d | ||
| 020 | _a9812383409 | ||
| 020 | _a9789812383402 | ||
| 040 |
_aEG-ScBUE _beng _erda _cEG-ScBUE _dEG-ScBUE |
||
| 043 | _af-ua--- | ||
| 082 | 0 | 4 |
_a540.92 _222 _bZEW |
| 100 | 1 |
_aZewail, Ahmed H., _eauthor. |
|
| 245 | 1 | 0 |
_aVoyage through time : _bwalks of life to the Nobel Prize / _cAhmed Zewail, Linus Pauling chair professorship, California Institute of Technology, USA. |
| 264 | 1 |
_aSingapore : _bWorld Scientific Publishing, _c[2002] |
|
| 264 | 4 | _cc2002 | |
| 300 |
_axii, 287 pages : _billustrations ; _c23 cm |
||
| 336 |
_2rdacontent _atext _btxt |
||
| 337 |
_aunmediated _2rdamedia _bn |
||
| 338 |
_avolume _bnc _2rdacarrier |
||
| 504 | _aIncludes bibliographical references and index. | ||
| 600 | 1 | 7 |
_aZewail, Ahmed H. _2BUEsh |
| 650 | 7 |
_aFemtochemistry _xHistory _y20th century. _2BUEsh |
|
| 650 | 7 |
_aChemists _zEgypt _vBiography. _2BUEsh |
|
| 653 |
_bGGEN _cApril2017 |
||
| 655 | _vReading book | ||
| 942 |
_2ddc _cBB |
||
| 999 |
_c26517 _d26489 |
||